محمدﷺ : پیغمبرِ ِاسلام کی سوانح حیات ۔۔۔۔۔۔۔۔۔۔۔۔۔۔۔ (Record no. 529087)

000 -LEADER
fixed length control field 00498nam a2200145Ia 4500
005 - DATE AND TIME OF LATEST TRANSACTION
control field 20190919131013.0
008 - FIXED-LENGTH DATA ELEMENTS--GENERAL INFORMATION
fixed length control field 190125s9999 xx 000 0 und d
040 ## - CATALOGING SOURCE
Transcribing agency DLC
082 ## - DEWEY DECIMAL CLASSIFICATION NUMBER
Classification number 297.63
Author Mark HAI
100 ## - MAIN ENTRY--PERSONAL NAME
Personal name Kiran Armstrong
9 (RLIN) 20951
245 ## - TITLE STATEMENT
Title محمدﷺ : پیغمبرِ ِاسلام کی سوانح حیات ۔۔۔۔۔۔۔۔۔۔۔۔۔۔۔
Medium Muhammad (S.W) : Peghambar e Islama ke sawan e hayat
260 ## - PUBLICATION, DISTRIBUTION, ETC.
Name of publisher, distributor, etc. Fazli Book Super Market
Place of publication, distribution, etc. Karachi
Date of publication, distribution, etc. 2012
300 ## - PHYSICAL DESCRIPTION
Extent 370,p. :
942 ## - ADDED ENTRY ELEMENTS (KOHA)
Source of classification or shelving scheme
Koha item type Book
Holdings
Withdrawn status Lost status Source of classification or shelving scheme Damaged status Not for loan Permanent Location Current Location Date acquired Total Checkouts Barcode Date last seen Price effective from Koha item type
          School of Civil and Environmental Engineering (SCEE) School of Civil and Environmental Engineering (SCEE) 09/19/2019   NIT-10708 09/19/2019 09/19/2019 Book
© 2023 Central Library, National University of Sciences and Technology. All Rights Reserved.